PROCESS CONTROL SYSTEMS & INSTRUMENTATION (Record no. 654939)

MARC details
000 -LEADER
fixed length control field 00366pam a2200157a 44500
008 - FIXED-LENGTH DATA ELEMENTS--GENERAL INFORMATION
fixed length control field 230515b2011 xxu||||| |||| 00| 0 eng d
020 ## - INTERNATIONAL STANDARD BOOK NUMBER
International Standard Book Number NULL
041 ## - LANGUAGE CODE
Language code of text/sound track or separate title ENGLISH
082 ## - DEWEY DECIMAL CLASSIFICATION NUMBER
Classification number 660.218
100 ## - MAIN ENTRY--PERSONAL NAME
Personal name BARTELT TERRY
245 ## - TITLE STATEMENT
Title PROCESS CONTROL SYSTEMS & INSTRUMENTATION
250 ## - EDITION STATEMENT
Edition statement 2007
260 ## - PUBLICATION, DISTRIBUTION, ETC.
Place of publication, distribution, etc. DELHI
Name of publisher, distributor, etc. CENGAGE
Date of publication, distribution, etc. 2011
300 ## - PHYSICAL DESCRIPTION
Extent 295
650 ## - SUBJECT ADDED ENTRY--TOPICAL TERM
Topical term or geographic name entry element NULL
Holdings
Withdrawn status Lost status Damaged status Not for loan Home library Current library Shelving location Date acquired Source of acquisition Cost, normal purchase price Total Checkouts Full call number Barcode Date last seen Date last checked out Price effective from Koha item type
        College of Engineering, Pune College of Engineering, Pune   10/09/2011 BHARATI MADHAWARTI SAHAKARI GRAHAK BHANDAR LTD 195.00 1 660.218 ECP-P-1994 06/01/2025 18/10/2024 28/06/2023 Book